Bối cảnh mới - Ngôi trường mới - Nhà quản lý giáo dục mới

Giới thiệu khái quát bối cảnh mới của kinh tế thế giới. Trình bày về nhiệm vụ, mô hình phát triển, thời cơ và thách thức đối với trường học trong thời đại mới. Phác thảo những yêu cầu và nhiệm vụ mới, cung cấp kỹ năng và công cụ t...

Popoln opis

Shranjeno v:
Bibliografske podrobnosti
Glavni avtor: Tô, Xuân Dân
Drugi avtorji: Nguyễn, Hữu Tri
Format: Knjiga
Jezik:Undetermined
Izdano: H. Đại học Quốc gia Hà Nội 2011
Teme:
Online dostop:http://lrc.tdmu.edu.vn/opac/search/detail.asp?aID=2&ID=16201
Oznake: Označite
Brez oznak, prvi označite!
Thư viện lưu trữ: Trung tâm Học liệu Trường Đại học Thủ Dầu Một
LEADER 01278nam a2200217Ia 4500
001 TDMU_16201
008 210410s9999 xx 000 0 und d
082 |a 371.2 
090 |b T450 
100 |a Tô, Xuân Dân 
245 0 |a Bối cảnh mới - Ngôi trường mới - Nhà quản lý giáo dục mới 
245 0 |c Tô Xuân Dân (c. b.), Nguyễn Hữu Tri, Đỗ Trọng Hùng [và nh. ng. khác] 
260 |a H. 
260 |b Đại học Quốc gia Hà Nội 
260 |c 2011 
300 |a 694 tr. 
520 |a Giới thiệu khái quát bối cảnh mới của kinh tế thế giới. Trình bày về nhiệm vụ, mô hình phát triển, thời cơ và thách thức đối với trường học trong thời đại mới. Phác thảo những yêu cầu và nhiệm vụ mới, cung cấp kỹ năng và công cụ thiết yếu với nhà quản lý giáo dục các trường phổ thông. 
650 |a Quản lý giáo dục; Giáo dục  |z Việt Nam 
700 |a Nguyễn, Hữu Tri 
856 |u http://lrc.tdmu.edu.vn/opac/search/detail.asp?aID=2&ID=16201 
980 |a Trung tâm Học liệu Trường Đại học Thủ Dầu Một